000 00330nam a2200133Ia 4500
008 210423s1982 xx 000 0 und d
041 _aeng
082 _a658.477 UNDS
100 _aUNDRO
245 _aShelter after disater.
260 _aNew York
_bUnited Nations
_c1982
365 _cINR
906 _aafter ; disater. ; Shelter
999 _c174947
_d174947